MLB 2024 Batting Average Leaders - Statistics

General Stats
  • This quiz has been taken 17 times
  • The average score is 18 of 21
Answer Stats
BA Team Player % Correct
.322 Yankees Aaron Judge
100%
.332 Royals Bobby Witt Jr
100%
.285 Phillies Bryce Harper
100%
.282 Dodgers Freddie Freeman
100%
.288 Yankees Juan Soto
100%
.310 Dodgers Shohei Ohtani
100%
.323 Blue Jays Vladimir Guerrero Jr
100%
.295 Astros Jose Altuve
93%
.302 Braves Marcell Ozuna
93%
.289 Dodgers Mookie Betts
93%
.295 Phillies Trea Turner
93%
.292 Diamondbacks Ketel Marte
86%
.314 Padres Luis Arraez
86%
.308 Astros Yordan Alvarez
86%
.283 Cubs Seiya Suzuki
79%
.293 Athletics Brent Rooker
71%
.285 Red Sox Jarren Duran
71%
.292 Guardians Steven Kwan
71%
.299 Astros Yanier Diaz
57%
.292 Padres Jackson Merrill
50%
.282 Nationals Luis Garcia Jr
29%
No matching quizzes found
Score Distribution
Percent of People with Each Score
Percentile by Number Answered
Your Score History
You have not taken this quiz